000 00280nam a22001337a 4500
008 170614b xxu||||| |||| 00| 0 eng d
020 _a9780966008029
041 _aeng
080 _a94
100 _a17
101 _aSHH
245 _aRETENTION WARS
_cLEVIN,M
942 _2udc
_cBK
999 _c17310
_d17310